000 00329nam a2200133Ia 4500
008 240624s9999 xx 000 0 und d
041 _aeng
082 _a658.15244 FIG
100 _aFIGHT ANDREW
245 _aCASH FLOW FORECASTING
260 _c2007
_aNew Delhi
_bElsevier
300 _ax, : 252 : p. : cm. ; 23
365 _cRS
_b33
999 _c4571
_d4571